Online katalóg knižníc regiónu Turca

365 rozprávok a básničiek na dobrú noc (Record no. 21784)

MARC details
000 -LEADER
fixed length control field 01127nam a22003251i 4500
001 - CONTROL NUMBER
control field 21784
003 - CONTROL NUMBER IDENTIFIER
control field VRT
005 - DATE AND TIME OF LATEST TRANSACTION
control field 20260309144147.0
008 - FIXED-LENGTH DATA ELEMENTS--GENERAL INFORMATION
fixed length control field 240126s1991 xo a r 001 slo d
020 ## - INTERNATIONAL STANDARD BOOK NUMBER
International Standard Book Number 8071342041
035 ## - SYSTEM CONTROL NUMBER
System control number (SVKBBclas03)vtls000016263
039 #9 - LEVEL OF BIBLIOGRAPHIC CONTROL AND CODING DETAIL [OBSOLETE]
Level of rules in bibliographic description 202401261538
Level of effort used to assign nonsubject heading access points VLOAD
Level of effort used to assign subject headings 201806221145
Level of effort used to assign classification AUTHORITY
Level of effort used to assign subject headings 201210211440
Level of effort used to assign classification vsvkbb08
040 ## - CATALOGING SOURCE
Original cataloging agency SVKBB
Language of cataloging slo
Transcribing agency SVKBB
Description conventions AACR2
041 1# - LANGUAGE CODE
Language code of text/sound track or separate title slo
Language code of original ger
044 ## - COUNTRY OF PUBLISHING/PRODUCING ENTITY CODE
MARC country code xo
ISO country code SK
080 ## - UNIVERSAL DECIMAL CLASSIFICATION NUMBER
Universal Decimal Classification number 830-93-1=854
080 ## - UNIVERSAL DECIMAL CLASSIFICATION NUMBER
Universal Decimal Classification number 830-93-3=854
245 00 - TITLE STATEMENT
Title 365 rozprávok a básničiek na dobrú noc
Statement of responsibility, etc. Z nem. orig. prel. prózu Valéria Malíková, Mariana Oravcová, Gabriela Szalayová; verše prebás. Rudolf Čižmárik
250 ## - EDITION STATEMENT
Edition statement 1. vyd.
260 ## - PUBLICATION, DISTRIBUTION, ETC.
Place of publication, distribution, etc. Bratislava
Name of publisher, distributor, etc. Egmont
Date of publication, distribution, etc. 1991
300 ## - PHYSICAL DESCRIPTION
Extent 237 s.
Other physical details Reg., ilustr.
653 ## - INDEX TERM--UNCONTROLLED
Uncontrolled term rozprávky nemecké.
653 ## - INDEX TERM--UNCONTROLLED
Uncontrolled term básne nemecké pre deti.
700 1# - ADDED ENTRY--PERSONAL NAME
Personal name Malíková, Valéria.
Relationship prekl.
700 1# - ADDED ENTRY--PERSONAL NAME
Personal name Oravcová, Marianna,
Dates associated with a name 1950-
Relationship prekl.
700 1# - ADDED ENTRY--PERSONAL NAME
Personal name Szalayová, Gabriela.
Relationship prekl.
700 1# - ADDED ENTRY--PERSONAL NAME
Personal name Čižmárik, Rudolf,
Dates associated with a name 1949-2008
Relationship prekl.
942 ## - ADDED ENTRY ELEMENTS (KOHA)
Source of classification or shelving scheme Dewey Decimal Classification
Koha item type Krásna literatúra pre deti
Suppress in OPAC No
949 ## - LOCAL PROCESSING INFORMATION (OCLC)
6 270001000056927
a svkbbC 33285
b svkbbm 567852
Holdings
Stav vyradenia Strata Poškodenie Spôsob nadobudnutia Domovská knižnica Aktuálna knižnica Dátum nadobudnutia Total checkouts Čiarový kód exemplára Date last seen Typ exemplára
      Dar Obecná knižnica Turčianska Štiavnička Obecná knižnica Turčianska Štiavnička 09.03.2026   4738000388 09.03.2026 Krásna literatúra pre deti
Projekt je podporený Slovenskou asociáciou knižníc
Prevádzkuje Turčianska knižnica Martin 2026